Central Library OPAC University of Rajshahi

Ballads and stories from Tun-huang / (Record no. 6355)

MARC details
000 -LEADER
fixed length control field 00854cam a22002771 4500
001 - CONTROL NUMBER
control field 6355
003 - CONTROL NUMBER IDENTIFIER
rucl marc code BD-RjUL
005 - DATE AND TIME OF LATEST TRANSACTION
control field 20211208234229.0
008 - FIXED-LENGTH DATA ELEMENTS--GENERAL INFORMATION
fixed length control field 110111s1960 enk b 000 0 eng
035 ## - SYSTEM CONTROL NUMBER
System control number (BD-RjUL)6395
System control number (OCoLC)2127587
040 ## - CATALOGING SOURCE
Original cataloging agency DLC
Transcribing agency MdU-BC
Modifying agency OCoLC
-- Uk
-- (BD-RjUL)
Language of cataloging eng
041 1# - LANGUAGE CODE
Language code of text/sound track or separate title eng
Language code of original chi
082 ## - DEWEY DECIMAL CLASSIFICATION NUMBER
Classification number 895.1082
Author mark and year WAB 1960
245 10 - TITLE STATEMENT
Title Ballads and stories from Tun-huang /
Remainder of title an anthology
Statement of responsibility, etc. [by] Arthur Waley.
260 ## - PUBLICATION, DISTRIBUTION, ETC. (IMPRINT)
Place of publication, distribution, etc. London,
Name of publisher, distributor, etc. G. Allen & Unwin
Date of publication, distribution, etc. 1960
300 ## - PHYSICAL DESCRIPTION
Pagination 273 p.
Size 22 cm.
504 ## - BIBLIOGRAPHY, ETC. NOTE
Bibliography, etc "Notes and references": p. 252-266.
650 #0 - SUBJECT ADDED ENTRY--TOPICAL TERM
Topical term or geographic name as entry element Chinese literature
General subdivision Translations into English.
9 (RLIN) 20010
651 #0 - SUBJECT ADDED ENTRY--GEOGRAPHIC NAME
Geographic name China
Form subdivision Literary collections.
9 (RLIN) 20011
700 1# - ADDED ENTRY--PERSONAL NAME
Personal name Waley, Arthur.
942 ## - ADDED ENTRY ELEMENTS (KOHA)
Source of classification or shelving scheme Dewey Decimal Classification
Koha item type Books
987 ## - LOCAL ROMANIZATION/CONVERSION HISTORY (OCLC)
Romanization/conversion identifier PINYIN
Agency that converted, created or reviewed DLC
Date of conversion or review 20020724
Status code c
Holdings
Lost status Source of classification or shelving scheme Damaged status Not for loan Collection code Permanent Location Current Location Shelving location Date acquired Source of acquisition Cost, normal purchase price Total Checkouts Full call number Date last seen Copy number Koha item type
  Dewey Decimal Classification     Non-fiction Central Library, University of Rajshahi Central Library, University of Rajshahi   03/06/1965 Orient longman 5.25   895.1082 WAB 1960 11/01/2014 C-2 Books